00463 a2200181 450000100060000002000150000604000240002110000210004524000220006624500170008830000110010536200090011644000120012565000310013794200070016895200890017599900170026469786 a8508809511 cAnchieta - Itaigara aIacocca, Michele10aO que fazer?lpor10aO que fazer? a[46p.]0 a2005 1aÁtica 4aLiteratura infanto-juvenil cBK 00104070a88.1b88.1d2023-11-21l0p2500/ITAr2023-11-21 20:04:30w2023-11-21yBK c69786d69786